[Event "Norway Chess 8th"]
[Site "Stavanger"]
[Date "2020.10.06"]
[Round "2"]
[White "Carlsen, Magnus"]
[Black "Firouzja, Alireza"]
[Result "1/2-1/2"]
[WhiteElo "2863"]
[BlackElo "2728"]
[Annotator "Kapnisis,Spyridon"]
[PlyCount "103"]
[EventDate "2020.10.05"]
[EventType "tourn"]
[EventRounds "10"]
[EventCountry "NOR"]
[EventCategory "21"]
[SourceTitle "CBM 199"]
[Source "ChessBase"]
[SourceDate "2020.12.01"]
[SourceVersion "1"]
[SourceVersionDate "2020.12.01"]
[SourceQuality "1"]

{[%evp 0,103,32,44,13,-24,-22,-14,0,-39,-32,-23,-10,-19,-10,-52,-7,-12,44,25,50,51,41,18,32,12,21,-4,20,0,34,-34,61,48,50,50,50,46,52,23,53,21,39,29,44,45,58,35,39,39,51,38,38,-26,38,20,63,63,48,15,11,-16,-14,-44,36,13,-5,-5,-5,-23,65,-16,15,2,1,-33,-33,-72,-72,-73,-107,-34,-25,-30,10,-13,-13,-21,-24,5,8,8,13,0,4,0,0,-20,-25,-27,-11,0,54,55,54,48]} 1. d4 Nf6 2. c4 e6 3. Nc3 d5 4. cxd5 exd5 5. Bg5 c6 6. e3 h6 7. Bh4 Be7 8. Bd3 (8. Qc2 O-O 9. Nf3 {Carlsen decided to avoid d3, ge2 in the Armageddon game that followed our main game. His choice of 9.f3 didn't pose any problems to Firouzja.} Re8 10. Bd3 Ne4 $1 11. Bxe7 Qxe7 12. Bxe4 (12. O-O Nd7 13. Rfc1 Ndf6 14. Ne5 Bf5 $13) 12... dxe4 13. Nd2 f5 14. O-O-O $2 {Carlsen tried to play for a win but soon ended up clearly worse.} (14. O-O Nd7 $13 {[%cal Yd7f6]} (14... Be6)) 14... Nd7 15. g4 fxg4 16. Ndxe4 Nb6 17. Ng3 Be6 $17 {1-0 (47) Carlsen,M (2863)-Firouzja,A (2728) Stavanger NOR 2020}) 8... O-O (8... Nbd7 {followed by h5 is a lot more common.}) 9. Nge2 Re8 10. O-O Nbd7 (10... Ne4 $6 11. Bxe7 Nxc3 (11... Qxe7 12. Bxe4 dxe4 13. Ng3 f5 14. f3 exf3 15. Rxf3 $16) 12. Bxd8 Nxd1 13. Rfxd1 Rxd8 14. b4 $14) 11. f3 (11. Qc2 a5) 11... b5 $5 12. Bf2 (12. e4 $6 b4 13. e5 (13. Na4 $2 dxe4 14. fxe4 Nxe4 $1 $19) 13... bxc3 14. exf6 Nxf6 15. bxc3 Qa5 $132 {[%cal Yc8a6,Yc6c5]}) 12... Bb7 {[#]} (12... Nb6 13. b3 (13. Ng3 $5) 13... a5 14. Rc1 Bb7 15. Ng3 b4 16. Nce2 $14 {1-0 (40) Rodshtein,M (2685)-Eljanov,P (2655) Netanya 2019}) ({RR} 12... a5 13. Ng3 Ba6 14. Kh1 b4 15. Nce2 Bxd3 16. Qxd3 c5 17. dxc5 Nxc5 18. Qd2 Ne6 19. Nf5 Rf8 20. Rac1 Re8 21. Rc6 Bf8 22. Rfc1 Qd7 23. Nfd4 Rec8 24. Rxc8 Rxc8 25. Rxc8 Qxc8 26. g4 g6 27. Kg2 {Grischuk,A (2745)-Ding Liren (2811) chess.com INT 2022 ½-½ (82)}) ({RR} 12... a5 13. Rc1 Ba6 14. Ng3 b4 15. Na4 Bxd3 16. Qxd3 Rc8 17. e4 dxe4 18. fxe4 Ng4 19. Qf3 Nxf2 20. Qxf2 Rf8 21. Nf5 Kh7 22. d5 Ne5 23. Rcd1 cxd5 24. Rxd5 Qc7 25. Nxe7 Qxe7 26. Rxa5 Ra8 27. Qf5+ {Panda,V (2158)-Huston,G (2316) New York USA 2025 0-1 (48)}) 13. Ng3 (13. e4 $6 b4 14. Na4 $6 (14. e5 bxc3 15. exf6 Bxf6 16. Nxc3 Nf8 $132 {[%csl Rd4][%cal Yf8e6]}) 14... dxe4 15. fxe4 c5 $1 16. e5 Ne4 $17 {Black is already in the driver's seat.}) (13. Rc1 $5 a6 14. Bb1 c5 15. dxc5 Bxc5 16. Nd4 Ne5 17. b3 Rc8 {Black's position seems quite solid.} (17... Qb6)) 13... b4 14. Na4 (14. Nce2 c5 15. dxc5 Bxc5 16. Nd4 a5) 14... c5 15. Nf5 $146 {[#]} (15. b3 $5 Qa5 (15... Rc8 16. Rc1 cxd4 17. exd4 {I would feel slightly better with White here although objectively Black should be ok.}) 16. Rc1 Rac8 17. Nf5 Bf8 18. dxc5 Nxc5 19. Nxc5 Rxc5 $13) (15. dxc5 Bc6 $5 16. Nf5 Bf8 17. Nd4 Bxa4 18. Qxa4 Nxc5 19. Qd1 Nxd3 20. Qxd3 Nd7 $13) (15. Nxc5 Nxc5 16. dxc5 Bxc5 17. Nf5 Qb6 $13) ({RR} 15. dxc5 Nxc5 16. Bb5 Ncd7 17. Nf5 Bf8 18. Rc1 Qa5 19. Nd4 Rac8 20. b3 Rxc1 21. Qxc1 Rc8 22. Qd2 Nb6 23. Rc1 Rxc1+ 24. Qxc1 Nxa4 25. Bxa4 Bc5 26. Qc2 {½-½ (26) Stremavicius,T (2506)-Jacobson,B (2530) Charlotte 2021}) 15... Bf8 $6 {Firouzja hesitates and decides not to change the pawn structure by playing c4.} (15... c4 $5 16. Nxe7+ $1 (16. Bc2 Bf8 $17 {[%cal Yg7g6]}) 16... Qxe7 17. Bc2 a5 18. Re1 Qd6 $132 {Black seems to have everything under control. e4 is more or less stopped and Black will focus on trying to take advantage of the unfortunate position of the a4.}) 16. Nxc5 (16. dxc5 $6 Bc6 $5) 16... Nxc5 17. dxc5 Bxc5 18. Rc1 Qb6 19. Qa4 {[#]} Bc8 $1 {Black correctly kicks the knight out of f5 and transfers his bishop to d7.} 20. Nd4 Bd7 21. Qa6 (21. Qd1 a5 {is quite comfortable for Black.}) 21... Re7 (21... Rec8 $5) 22. Rfd1 (22. Rc2 {Doubling the rooks on the c-file was another rather obvious plan but still Black seems to have adequare resources:} Ne8 $1 {Black knight should move to c7 to force White's queen out of a6.} (22... Rc8 $2 23. Nb3 $16) 23. Rfc1 Nc7 24. Bh7+ $5 (24. Qxb6 axb6 {Black has everything under control.}) 24... Kxh7 $2 (24... Kh8 25. Qd3 Na6 (25... Bxd4 26. Qxd4 (26. exd4 $2 Ne6 $19) 26... Qxd4 27. exd4 Ne6 28. Bd3 Ree8 $1 29. Re1 a5 $14 {I wouldn't prefer being Black against Carlsen in this position although Black should be quite ok.}) 26. Bf5 b3 $1 27. Qxb3 Qxb3 28. axb3 Bxd4 29. Bxd7 Bxe3 30. Bxe3 Rxe3 $11) 25. Qd3+ Kg8 26. Rxc5 $18) 22... Ne8 {[#]} 23. Qxb6 $6 {It doesn't make much sense to me to take on b6 before Black commits his knight to c7.} (23. Bf1 {Making room for the white queen on d3 makes a lot of sense.} Nc7 (23... Nd6 $2 24. e4 (24. Rxc5 $5 Qxc5 25. e4 Ree8 26. Nb3 Qc6 27. Rxd5 Nb7 28. Nd4 Qc8 29. b3 $15) 24... Nc4 25. Bxc4 dxc4 26. Qxc4 $16) (23... Be6 $5) {Here White has a pleasant choice:} 24. Qd3 $5 {Black has difficulties equalising even if White keeps the queens on the board.} (24. Qxb6 axb6 25. Nb3 Bd6 26. Bg3 Bxg3 27. hxg3 Be8 (27... Ne8 28. Ra1 (28. Rxd5 Nf6 29. Rd2 Rxe3 30. Kf2 Re5 31. Rc7 {Black remains under pressure.}) 28... Rxe3 29. Nd4 Re7 30. Nc2 $14) (27... Ba4 $2 28. Rd4 $18) 28. Nd4 Rxa2 29. Nf5 $44 {Black hasn't fully solved his problems yet.}) 24... a5 (24... Rc8 25. Rc2 Ne8 26. Rdc1 {looks rather awkward for Black.} Rc7 {[#]} (26... Nd6 27. Qb3) 27. e4 $1 dxe4 28. fxe4 $16 {[%cal Yc2c5]}) 25. Kh1 $5 (25. Rd2 a4 26. Rdc2 Bxd4 27. Qxd4 Qxd4 28. exd4 Ne6 $14) 25... Bd6 $5 (25... a4 $6 26. e4 $1 {Opening the position is in White's favour.} dxe4 27. fxe4 Rae8 28. Qg3 $16) (25... Ree8) (25... Rae8 26. Qc2 Na6 27. Rd2 $16 {[%cal Yc2b3,Yc2d1,Yd2c2]}) 26. e4 (26. Qd2) 26... Qb7 $1 (26... dxe4 $2 27. fxe4 $18 {[%cal Yd4f5]}) 27. Nf5 (27. exd5 Nxd5 (27... Qxd5 $2 28. Nc6 $1 Bxc6 29. Qb1 $18) 28. Nb3 (28. Nf5 Bxf5 29. Qxf5 Bf4 $1 $14) 28... Be6 29. Nc5 $14) 27... Bxf5 28. exf5 $14) 23... axb6 24. Bb1 $14 Ba4 {Black feels the need to force b3 so that White will not have this square for his knight.} (24... g6 $5 {Taking away from the white knight the f5 square was a decent alternative.} 25. Ne2 (25. Nb3 Bxe3 26. Bxe3 Rxe3 27. Rxd5 Be6 28. Rd4 Re2 29. Nd2 Nf6 (29... Bxa2 $2 30. Be4 $18 {[%cal Yg1f1]}) 30. Kf1 Re5 31. Rxb4 Rd8 {Black is active enough not to be in real trouble.}) 25... Bf5 $5 (25... Nc7 $6 26. Nf4) (25... Bxe3 26. Bxe3 Rxe3 27. Kf2 $14) 26. Bxf5 gxf5 {Black's pawn structure is ridiculous but White fails to prove a clear advantage since his own pawns are under attack as well.} 27. Rxd5 Rxa2 28. Rd2 (28. Rb1 Rea7 $1 $13) 28... Rxe3 $1 29. Rxc5 Ra1+ $1 30. Rc1 Rxe2 31. Rxe2 Rxc1+ 32. Re1 $11) 25. b3 (25. Nf5 $5 Rd7 26. b3 Bb5 27. Bg3 $14) 25... Bd7 26. Ne2 Nc7 27. Rd2 {[#]} Bc6 $1 28. Nd4 (28. Nf4 $2 Nb5 $1 $15 {[%cal Yb5c3]}) 28... Bb7 29. g4 Ne6 (29... g6 $5 {Stopping f5 made a lot of sense.} 30. h4 Ne6 31. Bg3 (31. h5 Nxd4 32. exd4 Bd6 $11 {[%cal Yd6f4]}) 31... Ng7 $5 $13 {[%cal Yh6h5]}) 30. Nf5 Rc7 $6 {At this point Firouzja was running low on time and this certainly made his defensive task a lot more difficult.} (30... Rd7 $5 {Black should have tried to make d4 work as soon as possible.} 31. h4 (31. Kg2 g6 32. Ng3 $13) (31. Rcd1 g6) 31... d4 32. Nxd4 (32. e4 $6 Ba6 $15) (32. exd4 Bxf3) (32. Kg2) 32... Bxd4 33. Kg2 Bxe3 34. Rxd7 Nf4+ 35. Kh2 Bxc1 36. Rxb7 Rd8 {Again Black's activity provides enough counterplay for his weak pawn structure.}) 31. h4 {[#]} Rac8 $6 (31... Bxe3 {Simplifying the position was Black's best chance to equalise although it is perfectly understandable why he decided against this option.} 32. Rxc7 Bxf2+ 33. Kxf2 Nxc7 34. Nd6 $36) 32. Rcd1 Bf8 33. Bg3 $1 Rc3 (33... Rd7 34. Be5 $16) 34. Kf2 Bc5 {[#]} 35. Bd3 $2 {Here Carlsen probably thought that his position was good anyway and that he would take advantage of Black's time pressure by playing some solid moves. d3 is a very logical move since it stops any counterplay on the 3rd rank against e3 and f3, but it appears that there is a more concrete way to secure a winning advantage.} (35. Bd6 $1 d4 (35... Rd8 36. Bxc5 bxc5 37. Rxd5 Bxd5 38. Ne7+ Kf8 39. Nxd5 $18) (35... Ra8 36. Ne7+ Kh8 37. Nxd5 Bxd5 38. Bxc5 bxc5 39. Rxd5 $18) (35... Re8 36. Bxc5 Nxc5 37. h5 $18 {[%cal Yd2d4]}) 36. exd4 $1 (36. Ne7+ $2 Kh8 37. Bxc5 bxc5 38. exd4 Rxf3+ 39. Kg1 Rc7 $13) 36... Rxf3+ {If I had to guess I would say that Carlsen calculated up to this point and considered this position quite messy and searched for other moves.} 37. Kg1 Bxd6 38. Nxd6 Rg3+ 39. Kh2 Rcc3 40. Nxb7 $18) (35. Rd3 $5 $16 {[%cal Yg3e5]}) 35... d4 36. e4 Ra8 $1 {[%cal Yb7a6]} 37. Bc4 {[#]} Rc2 $1 {Very nice resource found by Firouzja with only a few minutes on the clock!} (37... d3+ $5 38. Kg2 Ba6 39. Bd5 (39. Bxa6 $2 Rxa6 $17 {[%cal Yf7f6,Ya6a7,Ya7d7]}) 39... Ra7 $13) (37... Ba6 $5) 38. Bd3 (38. Be5 Raxa2 39. Ke1 $11) 38... Rcxa2 39. Be5 Rxd2+ (39... f6 40. Bd6 {[%cal Yd3c4]}) 40. Rxd2 Ra5 41. Kg3 Ba6 $11 (41... Bf8 $5 42. Bd6 Bxd6+ 43. Nxd6 Ba6 44. Bxa6 Rxa6 45. Nb5 Ra8 46. Kf2 Rd8 {White should be able to make a draw without too much trouble.}) 42. Bxa6 Rxa6 43. Nxd4 Bxd4 44. Bxd4 Ra3 45. Rd3 Nxd4 46. Rxd4 Rxb3 47. Rd8+ Kh7 48. h5 Ra3 49. Rd4 Ra4 50. e5 Ra5 51. Rxb4 Rxe5 52. Rxb6 {A good result for Firouzja who handled a bad position and time pressure with remarkable maturity and posed enough problems to Carlsen to get away with half a point. On the other hand Carlsen managed to get a winning advantage from an equal position, in typical Carlsen style, but failed to get the point.} 1/2-1/2

[Event "Norway Chess 8th"]
[Site "Stavanger"]
[Date "2020.10.08"]
[Round "4"]
[White "Carlsen, Magnus"]
[Black "Caruana, Fabiano"]
[Result "1-0"]
[WhiteElo "2863"]
[BlackElo "2828"]
[PlyCount "101"]
[EventDate "2020.10.05"]
[EventType "tourn"]
[EventRounds "10"]
[EventCountry "NOR"]
[EventCategory "21"]
[SourceTitle "CBM 199"]
[Source "ChessBase"]
[SourceDate "2020.12.01"]
[SourceVersion "1"]
[SourceVersionDate "2020.12.01"]
[SourceQuality "1"]

1. d4 Nf6 2. c4 e6 3. Nc3 Bb4 4. Qc2 O-O 5. a3 Bxc3+ 6. Qxc3 d5 7. Bg5 dxc4 8. Qxc4 b6 9. Rd1 Ba6 10. Qa4 h6 11. Bh4 Qd7 12. Qc2 Qc6 13. Qxc6 Nxc6 14. Bxf6 gxf6 15. e3 Bxf1 16. Kxf1 Na5 17. Nf3 Nc4 $146 ({RR} 17... Rac8 18. Ke2 Nc4 19. Rb1 c5 20. Rhc1 Na5 21. dxc5 bxc5 22. Rc3 Rc6 23. Nd2 c4 24. b4 cxb3 25. Rxc6 Nxc6 26. Rxb3 Rc8 27. Rb7 Kg7 28. Ne4 Ne5 29. f4 Nc4 30. Rxa7 f5 31. Nd2 Nd6 32. Rd7 {Plazuelo Pascual,J (2465)-Ponkratov,P (2624) Tornelo INT 2021 ½-½ (54)}) ({RR} 17... c5 18. dxc5 bxc5 19. Rc1 c4 20. g4 Rab8 21. Rc2 Rb6 22. Kg2 Rfb8 23. Rb1 Kg7 24. Nd2 h5 25. h3 hxg4 26. hxg4 Kg6 27. Nxc4 Rc6 28. Rbc1 Rbc8 29. b3 Kg7 30. Rb2 Nxc4 31. bxc4 Rxc4 32. Rxc4 {Chu Wei Chao (2412)-Liu,Y (2573) Fuling CHN 2024 ½-½ (37)}) 18. Rb1 c5 19. Ke2 Rfc8 20. Rhc1 Nd6 21. dxc5 bxc5 22. Rc2 Kf8 23. Nd2 c4 24. Rbc1 Rab8 25. Kf3 c3 26. bxc3 Rc5 27. c4 f5 28. Ke2 Ke7 29. Kd3 Kd7 30. Rc3 Rc6 31. c5 Ne8 32. Nf3 Ra6 33. Ne5+ Ke7 34. Ke2 Nf6 35. R1c2 Nd5 36. Rd3 Rc8 37. Rb3 Rc7 38. Rc4 Ra5 39. Nd3 e5 40. Nxe5 Raxc5 41. Rxc5 Rxc5 42. Rb7+ Ke6 43. Nxf7 Ra5 44. Nd8+ Kd6 45. Rb3 Ra6 46. Nf7+ Kc5 47. Ne5 h5 48. Kd2 h4 49. Nd3+ Kc4 50. Kc2 Rd6 51. Nf4 1-0

[Event "Norway Chess 8th"]
[Site "Stavanger"]
[Date "2020.10.11"]
[Round "6"]
[White "Carlsen, Magnus"]
[Black "Duda, Jan Krzysztof"]
[Result "1-0"]
[WhiteElo "2863"]
[BlackElo "2757"]
[Annotator "Edouard,Romain"]
[PlyCount "51"]
[EventDate "2020.10.05"]
[EventType "tourn"]
[EventRounds "10"]
[EventCountry "NOR"]
[EventCategory "21"]
[SourceTitle "CBM 199"]
[Source "ChessBase"]
[SourceDate "2020.12.01"]
[SourceVersion "1"]
[SourceVersionDate "2020.12.01"]
[SourceQuality "1"]

{[%evp 0,51,13,31,35,-7,38,24,32,42,44,-33,32,9,28,17,29,9,9,9,12,-4,46,26,14,14,28,36,13,-13,-5,15,15,31,49,49,-35,-57,38,32,17,45,48,22,29,118,115,12,122,110,110,121,378,411]} 1. d4 d5 2. c4 c6 3. e3 Nf6 4. Nc3 e6 5. b3 b6 6. Bb2 Bb7 7. Bd3 Nbd7 8. Nge2 $5 (8. Nf3 {is the usual move.}) 8... Bd6 9. O-O O-O 10. Ng3 c5 11. cxd5 {White's idea putting his knight on g3 becomes obvious: he wants to go to f5!} cxd4 (11... Nxd5 12. Nxd5 Bxd5 13. dxc5 Nxc5 14. Qg4 $1 {looked dangerous for Black too:} g6 (14... f6 15. Bc2 $14) 15. Bc4 Bxc4 16. Qxc4 $14) 12. Nce4 Bxg3 (12... Nxe4 13. Nxe4 $14) 13. Nxg3 $1 {An excellent pawn sacrifice.} (13. fxg3 Nxd5 14. Nd6 Qc7 $1 (14... Nxe3 $2 15. Bxh7+ $1 Kxh7 16. Qxd4 $16) 15. Nxb7 Qxb7 16. exd4 N7f6 {would be unclear: the pawn structure compensates for the two bishops.}) 13... dxe3 (13... Nxd5 14. Bxd4 $14 {is not what Black wants.}) 14. dxe6 exf2+ 15. Rxf2 fxe6 16. Qe2 {Black has an extra pawn, but look how beautifully the white pieces are coordinated!} Nc5 $146 ({RR} 16... Bd5 17. Raf1 Qe7 18. Nf5 Qf7 19. Nd6 Qe7 20. Nf5 Qf7 21. Ne3 Kh8 22. g4 Qg8 23. Nc4 h6 24. g5 Nh7 25. gxh6 Nhf6 26. Ne5 Nxe5 27. Qxe5 {1-0 (27) Kraus,T (2489)-Finek,V (2397) Skalica 2022}) 17. Bc2 Ba6 18. Qe1 Qe8 $6 {An imprecise move, in a position where Black was already on the verge of being lost.} (18... Nd5 $1 {was required, and White would only be slighly better:} 19. Rxf8+ (19. Rd1 Rxf2 20. Qxf2 Qg5 $132) (19. b4 Rxf2 20. Kxf2 Nxb4 $3 21. Qxb4 Qd3 $3 $13 {Wow!}) 19... Qxf8 20. b4 Nd3 21. Qxe6+ Qf7 22. Qxf7+ Kxf7 23. Rf1+ Ke6 {and Black has good chances to hold.}) 19. Rd1 $1 Rc8 (19... Rd8 $5 20. Rxd8 Qxd8 21. b4 Nd3 $1 22. Qxe6+ Kh8 23. Rd2 Qc8 $1 24. Qxc8 Rxc8 25. Bxf6 gxf6 26. Nh5 $1 {and Black is still in trouble.} (26. Bxd3 $2 Rd8 $132)) 20. b4 Nb7 {Oh, no! Putting the knight there is definitely a bad sign.} 21. Ne4 {White's superiority is just overwhelming now.} (21. a4 $5) 21... Nd5 (21... Nh5 22. Rxf8+ Qxf8 23. Bb1 Qe7 24. Ng5 $1 $18) (21... Qe7 22. Nxf6+ gxf6 23. Qe4 e5 24. b5 Bxb5 25. Qd5+ $18) 22. Rxf8+ Qxf8 23. Bb1 (23. Bb3 $5 {followed by g5 was also completely winning.}) 23... Qxb4 24. Nf6+ $1 Kh8 (24... gxf6 25. Qxe6+ $18) 25. Qxe6 Ra8 $6 (25... Ne7 26. Qh3 h6 27. Ba1 $18) 26. Qxd5 {This game was a work of art! There's little one can do when Magnus turns on to Beast mode.} 1-0

[Event "Tata Steel 83rd"]
[Site "Wijk aan Zee"]
[Date "2021.01.16"]
[Round "1.1"]
[White "Carlsen, Magnus"]
[Black "Firouzja, Alireza"]
[Result "1-0"]
[WhiteElo "2862"]
[BlackElo "2749"]
[Annotator "Edouard,Romain"]
[PlyCount "79"]
[EventDate "2021.01.16"]
[EventType "tourn"]
[EventRounds "13"]
[EventCountry "NED"]
[EventCategory "19"]
[SourceTitle "CBM 201 Extra"]
[Source "ChessBase"]
[SourceDate "2021.05.30"]
[SourceVersion "1"]
[SourceVersionDate "2021.05.30"]
[SourceQuality "1"]

{[%evp 0,79,25,13,29,10,10,10,10,10,42,7,20,-28,32,31,35,28,28,9,9,13,13,13,8,13,32,23,32,19,13,46,58,56,55,71,61,54,60,16,30,16,41,46,41,41,23,-26,-26,-26,-26,-32,-24,-27,-10,0,-19,-16,-35,-29,-57,-43,-43,-43,-72,-122,-147,-84,0,-95,-95,-101,143,216,166,166,29989,29990,29991,29992,29993,29994]} 1. d4 Nf6 2. c4 e6 3. Nf3 d5 4. Nc3 Nbd7 5. Bg5 h6 6. Bh4 Be7 7. cxd5 {A move that White doesn't play that often.} (7. e3 {is the very main line.}) 7... Nxd5 8. Bxe7 Qxe7 9. e4 Nxc3 10. bxc3 O-O 11. Bd3 c5 12. O-O cxd4 13. cxd4 {The position is extremely similar to a Semi-Tarrasch (1.d4 f6 2.c4 e6 3.f3 d5 4 c3 c5 5.cxd5 xd5 etc.).} b6 (13... e5 14. d5 {would be a typical possible structure change, as it frees the c5-square for the black knight. However, although with the support of ...b6 it seems stable, it isn't necessarily: White will push a4, and whether Black allows a5 and axb6 or pushes ...a5 himself, then ...b6 will become a target.}) 14. a4 Bb7 15. a5 bxa5 $146 ({RR} 15... e5 16. a6 Bc8 17. Bc4 Rb8 18. Bd5 b5 19. Qc2 exd4 20. Rfc1 Ne5 21. Nxe5 Qxe5 22. Qc5 Be6 23. Bxe6 Qxc5 24. Bxf7+ Rxf7 25. Rxc5 b4 26. Kf1 b3 27. Rc6 d3 28. f3 Rd7 29. Ke1 d2+ 30. Kd1 {Deuer,M (2304)-Ioannidis,E (2481) Terme Catez 2022 ½-½ (51)}) 16. Rxa5 Nf6 17. Re1 Rfd8 18. Qa1 Qc7 {A typical way to "protect" th a7-pawn.} 19. h3 (19. Rxa7 Rxa7 20. Qxa7 Ra8 21. Qc5 Qxc5 22. dxc5 Rc8 $11 {and Black gets his pawn back.}) 19... a6 20. Rc5 Qf4 21. Re5 Nd7 22. Ra5 Nf6 23. d5 $5 {Also a typical sacrifice in Semi-Tarrasch pawn structures. However, here it definitely doesn't bring White any advantage objectively.} ({According to the engine White would be slightly better playing quiet moves like} 23. g3 Qd6 24. Kg2 {but afterwards I do not see a serious plan for him.}) 23... exd5 24. e5 Ne4 25. Qd4 Rdc8 $1 {The right rook, in order to keep the a-pawn protected!} 26. Raa1 a5 27. Rab1 Bc6 (27... Ba6 $5 28. Bxa6 Rxa6 29. Qxd5 Nc3 30. Qd7 Qc4 $1 31. Rb7 Qe6 $1 {would have been equal.ñ}) 28. e6 $5 {And a second pawn sacrifice, a bit in the same spirit as the first one: gaining initiative on the dark-squares!} fxe6 29. Ne5 Qf6 30. f3 Ng5 31. Rb6 Be8 32. Qe3 a4 $6 {Allowing Magnus to start a serious attack - even if Black still stands fine.} ({The prophylactic} 32... h5 {was better, avoiding Magnus' next move. It's not like playing ...h5 is very pretty, but not being able to play g4 is a serious problem for White! And Black's a-pawn will start running.}) 33. Ng4 Qd8 (33... Qc3 {would run into a pretty much forced variation, obviouly hinted by the engine:} 34. h4 a3 35. hxg5 a2 36. gxh6 Qxe1+ 37. Qxe1 a1=Q 38. h7+ Kh8 39. Qxa1 Rxa1+ 40. Kf2 {with an unclear (probably equal) position.}) 34. Rxe6 Nxe6 {Not a bad move. Instead though, the engine is showing two amusing drawing lines.} (34... Bf7 35. Nxh6+ gxh6 36. Rxh6 Kg7 37. Rb6 Kg8 38. Rh6 $11) (34... a3 35. f4 a2 36. fxg5 a1=Q 37. Rxa1 Rxa1+ 38. Kh2 Qc7+ 39. Re5 Bh5 40. Nxh6+ gxh6 41. gxh6 Rf8 42. g3 Ra2+ 43. Kg1 Ra1+ 44. Kh2 $11) 35. Qxe6+ Bf7 $4 (35... Kh8 $1 {was necessary:} 36. Nxh6 $1 (36. Qf5 $2 Qb6+ 37. Kh1 Bg6 $1 38. Qxg6 Qxg6 39. Bxg6 a3 {and Black is better}) 36... Bh5 $1 {avoiding a mate on g8, and Black is more or less out of danger.}) 36. Nxh6+ $1 gxh6 37. Qxh6 {Suddenly Black has no defence!} Qc7 (37... Rc7 38. Re5 $18) 38. Qh7+ Kf8 39. Qh8+ Bg8 40. Qh6+ {Albeit not a fully correct game, as a whole, Magnus has shown fantastic ideas - but obviously Alireza can be disappointed, as with one or two precise moves the result could have been totally different!} 1-0

[Event "Tata Steel 83rd"]
[Site "Wijk aan Zee"]
[Date "2021.01.18"]
[Round "3"]
[White "Carlsen, Magnus"]
[Black "Tari, Aryan"]
[Result "1/2-1/2"]
[WhiteElo "2862"]
[BlackElo "2625"]
[PlyCount "111"]
[EventDate "2021.01.16"]
[EventType "tourn"]
[EventRounds "13"]
[EventCountry "NED"]
[EventCategory "19"]
[SourceTitle "CBM 200"]
[Source "ChessBase"]
[SourceDate "2021.02.01"]
[SourceVersion "1"]
[SourceVersionDate "2021.02.01"]
[SourceQuality "1"]

1. d4 Nf6 2. c4 e6 3. Nf3 d5 4. Nc3 c5 5. cxd5 cxd4 6. Qxd4 exd5 7. e4 dxe4 8. Qxd8+ Kxd8 9. Ng5 Be6 10. Nxe6+ fxe6 11. Bg5 Nc6 12. O-O-O+ Ke8 13. Bb5 Rc8 14. Kb1 Bb4 15. Bxf6 gxf6 16. Nxe4 f5 17. Ng5 Ke7 18. a3 Ba5 19. f4 h6 20. Nf3 Rhd8 21. Rxd8 Nxd8 22. Rd1 Rc7 23. Ne5 a6 ({RR} 23... Nf7 24. Nc4 Bb6 25. Nxb6 axb6 26. Be2 Nd6 27. Rd3 Rc8 28. Rb3 Rg8 29. g3 h5 30. Rxb6 h4 31. Rb3 hxg3 32. hxg3 Kd7 33. Kc2 Kc7 34. Rc3+ Kb6 35. Re3 Kc7 36. Bd3 Kd7 37. Kc3 Rh8 38. a4 {Carlsen,M (2847)-Vidit,S (2726) chess24.com INT 2021 1-0 (66)}) 24. Be2 Bb6 $146 ({RR} 24... Nc6 25. Nxc6+ Rxc6 26. Bf3 Rc7 27. Rc1 Rxc1+ 28. Kxc1 Bc7 29. g3 b6 30. Kd2 e5 31. fxe5 Bxe5 32. b3 Bd6 33. a4 a5 34. Ke2 Bc5 35. Bc6 Kf6 36. Kf3 Bd6 37. h3 Bc5 38. g4 fxg4+ 39. hxg4 {Fridman,D (2606)-Svane,R (2640) Magdeburg 2022 ½-½ (40)}) 25. Ng6+ Ke8 26. Bh5 Nc6 27. g4 fxg4 28. Rd6 Kf7 29. f5 Kf6 30. fxe6 Kg5 31. Rd5+ Kf6 32. Nf4 Be3 33. Ng2 Bg5 34. Bxg4 Ne5 35. Bh3 h5 36. Ka2 Re7 37. Ne1 Bf4 38. Nf3 Nxf3 39. Rf5+ Kg6 40. Rxf4 Nxh2 41. Kb3 Ng4 42. Bxg4 hxg4 43. Rxg4+ Kf5 44. Rb4 Kxe6 45. Rb6+ Kf7 46. Kb4 Ke8 47. Rd6 Rd7 48. Kc5 Rxd6 49. Kxd6 Kd8 50. b4 Kc8 51. a4 Kd8 52. b5 axb5 53. axb5 Kc8 54. b6 Kb8 55. Kd7 Ka8 56. Kc7 1/2-1/2